000 02176nam a2200229Ia 4500
003 Ost
005 20260507074938.0
008 260507s9999||||xx |||||||||||||| ||und||
020 _a9957160478
040 _cfsecg
041 _aara
082 _a657.46
100 _aالدليمي، خليل
_eمؤلف
245 0 _aمبادئ المحاسبة المالية ج1 /
_c خليل الدليمي
260 _aعمان:
_bدار الثقافة,
_c2005
300 _a464 صفحة؛
_bإيضاحات ؛
_c25 سم
504 _aبيبليوغرافيا ص.457
520 _aويتناول هذا الكتاب الأسس النظرية والمنهجية العلمية لتحليل العمليات المالية وفق القيد المزدوج وتسجيلها وتبويبها لغاية إنجاز الدورة المحاسبية الكاملة، وأنواع الأخطاء المحاسبة وكيفية اكتشافها وتصحيحها وفق الأصول المحاسبية بصور سهلة ومبسطة ودعمة بالتطبيقات العلمية المحلولة وغير المحلولة بما يساعد الطالب الدارس على تفهم الموضوعات المطروحة بيسر وتوفير قاعدة من المعلومات المحاسبية. وجاءت محتوياته كالتالي الإطار النظري للمحاسبة،نظريات القيد المحاسبي وتحليل العمليات المالية،الدورة المحاسبية للعمليات المالية،تسجيل العمليات التمويلية والرأسمالية،تسجيل العمليات الإيرادية،تسجيل العمليات المالية المرتبطة بوظيفة الإدارة العامة، المعالجة المحاسبية للأوراق التجارية،التسجيل المحاسبي للعمليات المصرفية،الأخطاء المحاسبية وطرق تصحيحها، الحسابات الختامية والقوائم المالية في المنشآت التجارية
653 _aمحاسبة مالية
700 _aالساكني، عبدالرزاق
_eمؤلف ثانوي
942 _cكتاب
999 _c41905
_d41905